| 000 | 00384cam a22001097a 4500 | ||
|---|---|---|---|
| 008 | 180718b1965 xxu||||| |||| 00| 0 eng d | ||
| 082 | _aX203x5442 B639/A | ||
| 245 |
_aCode 'A' for steel frame structures _cby Municipal Corporations of Greater, Maharashtra |
||
| 260 |
_aBombay _bMunicipal Printing Press _c1965 |
||
| 300 | _a55p. | ||
| 700 | _aMaharashtra. Municipal Corporations of Greater | ||
| 999 |
_c498737 _d498737 |
||